Teoretyczne podstawy rachunku kosztów i zasobów-koncepcji ABC i ABM

Guardado en:
Detalles Bibliográficos
Autor principal: Mielcarek, Jaroslaw
Formato: Libro
Lenguaje:polaco
Publicado: Poznan Wydawnictwo Akademii Ekonomicznej w Poznaniu 2005
Colección:Prace habilitacyjne 18
Materias:
Etiquetas: Agregar Etiqueta
Sin Etiquetas, Sea el primero en etiquetar este registro!

MARC

LEADER 00000nam$a2200000$$$4500
001 0037747
005 20240318120345.6
020 |a 83-7417-097-2 
022 |a 1642-3119 
041 0 |a pol 
044 |a PL 
245 1 0 |a Teoretyczne podstawy rachunku kosztów i zasobów-koncepcji ABC i ABM  |c Jaroslaw Mielcarek 
264 1 |a Poznan  |b Wydawnictwo Akademii Ekonomicznej w Poznaniu  |c 2005 
300 |a 330 s. 
490 1 |a Prace habilitacyjne  |v 18 
830 0 |a Prace habilitacyjne  |v 18 
610 2 0 |a účtovanie nákladov 
610 2 0 |a zásoby 
610 2 0 |a koncepcie 
610 2 0 |a riadenie zásob 
610 2 0 |a modely 
610 2 0 |a výskum 
610 2 0 |a paradigma 
610 2 0 |a dekompozícia 
100 1 |a Mielcarek, Jaroslaw